The great Padma : (Record no. 12757)

000 -LEADER
fixed length control field 01822cam a2200301 i 4500
003 - CONTROL NUMBER IDENTIFIER
control field OSt
005 - DATE AND TIME OF LATEST TRANSACTION
control field 20240711124325.0
008 - FIXED-LENGTH DATA ELEMENTS--GENERAL INFORMATION
fixed length control field 231106s2023 cauab b 000 0 eng d
016 7# - NATIONAL BIBLIOGRAPHIC AGENCY CONTROL NUMBER
Record control number 020745843
Source Uk
020 ## - INTERNATIONAL STANDARD BOOK NUMBER
International Standard Book Number 9781957183053
042 ## - AUTHENTICATION CODE
Authentication code lccopycat
043 ## - GEOGRAPHIC AREA CODE
Geographic area code a-bg---
050 00 - LIBRARY OF CONGRESS CALL NUMBER
Classification number DS396.8.P32
Item number G74 2023
082 04 - DEWEY DECIMAL CLASSIFICATION NUMBER
Classification number 954.92/4
Edition number 23/eng/20230621
082 04 - DEWEY DECIMAL CLASSIFICATION NUMBER
Classification number 954.92
Edition number 23
245 04 - TITLE STATEMENT
Title The great Padma :
Remainder of title the epic river that made the Bengal Delta /
Statement of responsibility, etc edited by Kazi Khaleed Ashraf.
246 30 - VARYING FORM OF TITLE
Title proper/short title Epic river that made the Bengal Delta
300 ## - PHYSICAL DESCRIPTION
Extent 404 pages :
Other physical details illustrations (chiefly color), maps ;
Dimensions 30 cm
504 ## - BIBLIOGRAPHY, ETC. NOTE
Bibliography, etc Includes bibliographical references (pages 392-404).
520 ## - SUMMARY, ETC.
Summary, etc "The first comprehensive book on the River Padma, considered the last leg of the Ganges, with a rich collection of new photographs and maps. The Great Padma Book defines the life and history of the Bengal Delta, the largest delta in the world. The book contains original essays by well-known writers, researchers, and academics from diverse fields, including geography, history, literature, architecture, and food history. The preface is written by the renowned author Amitav Ghosh (The Hungry Tide). Besides unpublished photographs documenting the magnificence and diversity of the great river, and wonderful set of maps and diagrams, the book has a rich content in depicting the life and times related to this turbulent river. The wonderful design and layout of the book will make this a collectable item"--Publisher's description.
651 #0 - SUBJECT ADDED ENTRY--GEOGRAPHIC NAME
Geographic name Padma River (Bangladesh)
General subdivision History.
651 #0 - SUBJECT ADDED ENTRY--GEOGRAPHIC NAME
Geographic name Padma River (Bangladesh)
Form subdivision Pictorial works.
651 #7 - SUBJECT ADDED ENTRY--GEOGRAPHIC NAME
Geographic name Bangladesh
Geographic subdivision Padma River.
Source of heading or term fast
655 #7 - INDEX TERM--GENRE/FORM
Genre/form data or focus term History.
Source of term fast
655 #7 - INDEX TERM--GENRE/FORM
Genre/form data or focus term Pictorial works.
Source of term fast
700 1# - ADDED ENTRY--PERSONAL NAME
Personal name Ashraf, Kazi Khaleed,
Relator term editor.
942 ## - ADDED ENTRY ELEMENTS (KOHA)
Source of classification or shelving scheme
Holdings
Withdrawn status Lost status Source of classification or shelving scheme Damaged status Koha normalized classification for sorting Not for loan Permanent location Current location Date acquired Source of acquisition Cost, normal purchase price Full call number Barcode Date last seen Cost, replacement price Price effective from Koha item type
        954_920000000000000_4   BMS College of Architecture, Design and Planning BMS College of Architecture, Design and Planning 2024-07-11 1 3883.50 954.92/4 AR-UG3961 2024-07-11 5178.00 2024-07-11 B.PLAN
        954_920000000000000_4   BMS College of Architecture, Design and Planning BMS College of Architecture, Design and Planning 2024-07-11 1 3883.50 954.92/4 AR-UG3962 2024-07-11 5178.00 2024-07-11 B.PLAN
Copyright © 2025, The Librarian, Library and Information Centre, BMSCA D&P, Bengaluru. All Rights Reserved
web counter

Powered by Koha